[Event "Guwahati Sakatam op 1st"]
[Site "Guwahati"]
[Date "2024.03.23"]
[Round "1"]
[White "Faujia, Fahima Rahman"]
[Black "Subhayan, Kundu"]
[Result "0-1"]
[WhiteElo "1415"]
[BlackElo "2353"]
[PlyCount "78"]
[EventDate "2024.03.23"]
[EventType "swiss"]
[EventRounds "10"]
[EventCountry "IND"]
[SourceTitle "CB15_2024"]
[SourceDate "2024.04.10"]
[SourceVersion "1"]
[SourceVersionDate "2024.04.10"]
[SourceQuality "1"]

1. d4 f5 2. Nf3 Nf6 3. e3 g6 4. Bd3 Bg7 5. b3 0-0 6. Bb2 b6 7. 0-0 Bb7 8. Nbd2 e6 9. Re1 Ne4 10. c4 c5 11. Qc2 Ng5 12. Be2 Nc6 13. Nxg5 Qxg5 14. Nf3 Qe7 15. dxc5 bxc5 16. Bxg7 Qxg7 17. a3 f4 18. Bd3 fxe3 19. fxe3 Rxf3 20. gxf3 Ne5 21. Be2 Bxf3 22. Rf1 Bc6 23. Rac1 Qh6 24. Qc3 Qg5+ 25. Kf2 Rf8+ 26. Ke1 Rxf1+ 27. Bxf1 Nf3+ 28. Kd1 Be4 29. Bd3 Qxe3 30. Bxe4 Qxe4 31. Rc2 Nd4 32. Rf2 Qb1+ 33. Kd2 Nxb3+ 34. Ke3 Nd4 35. Qa5 Kg7 36. Qxc5 Qe1+ 37. Kd3 Qxf2 38. Qxd4+ Qxd4+ 39. Kxd4 d6 0-1